This was Montreal in 1814, 1815, 1816 and 1817 /
Guardado en:
| Autor Principal: | |
|---|---|
| Formato: | Libro |
| Idioma: | English |
| Publicado: |
s.l. :
The Châ de Ramezay,
1960.
|
| Etiquetas: |
Agregar Etiqueta
Sin Etiquetas, Sea el primero en etiquetar este registro!
|
| LEADER | 00460nam a22001455a 4500 | ||
|---|---|---|---|
| 001 | EUN.um047763 | ||
| 003 | AR-BaUNS | ||
| 005 | 20050623122916.0 | ||
| 008 | 041125s1960####xxca##########000#0#eng#d | ||
| 245 | 1 | 0 | |a This was Montreal in 1814, 1815, 1816 and 1817 / |c Lawrence M. Wilson. |
| 260 | |a s.l. : |b The Châ de Ramezay, |c 1960. | ||
| 300 | |a 195 p. : |b ilus. ; |c 23 cm. | ||
| 100 | 1 | |a Wilson, Lawrence M. | |
| 082 | 0 | 4 | |a 971 |
| 859 | |a Ar-BaUNS |b BIB. CENTRAL - Sector C |h 971 |i W695 |p 647/961 | ||
